Normal view
MARC view
- الادارة العامة-تدريب
Entry Topical Term
001 - CONTROL NUMBER
- control field: 32874
003 - CONTROL NUMBER IDENTIFIER
- control field: JO-AjAnu
005 - DATE AND TIME OF LATEST TRANSACTION
- control field: 20230606075524.0
008 - FIXED-LENGTH DATA ELEMENTS
- fixed length control field: 230606|| aca||aabn | a|a d
040 ## - CATALOGING SOURCE
- Original cataloging agency: JO-AjAnu
- Transcribing agency: JO-AjAnu
150 ## - HEADING--TOPICAL TERM
- Topical term or geographic name entry element: الادارة العامة-تدريب
670 ## - SOURCE DATA FOUND
- Source citation: Work cat.: (JO-AjAnu)16888: تحرير ومراجعه:احمد صقر عاشور؛اعداد وتعريب:احمد عبدالحليم،نادر ابو شيخة،اسماعيل السيد،ابراهيم محمود،عادل الجودة؛شارك في المراجعة:ربحي الحسن،رائدة زواتي, author 32873, تدريبات وانشطة في تنمية المهارات الادارية:دليل المدرب